The complete poetry of John Milton : (Record no. 3198)
[ view plain ]
| 000 -LEADER | |
|---|---|
| fixed length control field | 00626cam a2200169 4500 |
| 001 - CONTROL NUMBER | |
| control field | 3919 |
| 010 ## - LIBRARY OF CONGRESS CONTROL NUMBER | |
| LC control number | 89077299 |
| 020 ## - INTERNATIONAL STANDARD BOOK NUMBER | |
| International Standard Book Number | 0385023510 |
| Terms of availability | |
| 100 1# - MAIN ENTRY--PERSONAL NAME | |
| Personal name | Milton, John, |
| Dates associated with a name | 1608-1674. |
| 240 10 - UNIFORM TITLE | |
| Uniform title | Poems |
| 245 14 - TITLE STATEMENT | |
| Title | The complete poetry of John Milton : |
| Remainder of title | arranged in chronological order with an introduction, notes, variants, and literal translations of the foreign language forms / |
| Statement of responsibility, etc. | by John T. Shawcross. |
| 250 ## - EDITION STATEMENT | |
| Edition statement | Rev. ed. |
| 260 ## - PUBLICATION, DISTRIBUTION, ETC. | |
| Place of publication, distribution, etc. | New York : |
| Name of publisher, distributor, etc. | Anchor Books, |
| Date of publication, distribution, etc. | 1990. |
| 300 ## - PHYSICAL DESCRIPTION | |
| Extent | xviii, 654 p. ; |
| Dimensions | 21 cm. |
| 504 ## - BIBLIOGRAPHY, ETC. NOTE | |
| Bibliography, etc. note | Includes bibliographical references ((p. [643]-649) and indexes. |
| 700 1# - ADDED ENTRY--PERSONAL NAME | |
| Personal name | Shawcross, John T. |
| Withdrawn status | Lost status | Source of classification or shelving scheme | Damaged status | Not for loan | Collection code | Home library | Current library | Shelving location | Date acquired | Serial Enumeration / chronology | Inventory number | Total Checkouts | Total Renewals | Full call number | Barcode | Date last seen | Date last checked out | Price effective from | Koha item type |
|---|---|---|---|---|---|---|---|---|---|---|---|---|---|---|---|---|---|---|---|
| Dewey Decimal Classification | Main TEST | RTC Library | RTC Library | Main opac | 27/11/2018 | 6606 | 3 | 4 | 821.4 MIL | 30000469 | 25/11/2022 | 14/11/2022 | 27/11/2018 | Main |